[Event "World Youth & Cadets Rapid Championships"]
[Site "Rhodes, Greece"]
[Date "2022.05.02"]
[Round "6.32"]
[White "Hryzlova, Sofiia"]
[Black "Can, Isil"]
[Result "1-0"]
[TimeControl "10'/game & 5\"/move"]
[WhiteElo "2011"]
[BlackElo "1683"]

1. d4 {[%clk 00:10:08]} {[%emt 00:00:01]} d5 {[%clk 00:10:09]} {[%emt
00:00:01]} 2. c4 {[%clk 00:10:12]} {[%emt 00:00:02]} c6 {[%clk 00:10:14]}
{[%emt 00:00:01]} 3. Nf3 {[%clk 00:10:14]} {[%emt 00:00:02]} Nf6 {[%clk
00:10:18]} {[%emt 00:00:01]} 4. Nbd2 {[%clk 00:10:15]} {[%emt 00:00:05]} Bf5
{[%clk 00:10:09]} {[%emt 00:00:14]} 5. Nh4 {[%clk 00:10:16]} {[%emt 00:00:03]}
Bg6 {[%clk 00:10:00]} {[%emt 00:00:15]} 6. Qb3 {[%clk 00:09:52]} {[%emt
00:00:28]} Qc7 {[%clk 00:09:55]} {[%emt 00:00:10]} 7. g3 {[%clk 00:09:06]}
{[%emt 00:00:51]} e6 {[%clk 00:09:54]} {[%emt 00:00:06]} 8. Bg2 {[%clk
00:09:01]} {[%emt 00:00:09]} Nbd7 {[%clk 00:09:49]} {[%emt 00:00:11]} 9. Nxg6
{[%clk 00:08:46]} {[%emt 00:00:20]} hxg6 {[%clk 00:09:53]} 10. e4 {[%clk
00:08:40]} {[%emt 00:00:10]} dxe4 {[%clk 00:09:30]} {[%emt 00:00:29]} 11. Nxe4
{[%clk 00:08:42]} {[%emt 00:00:03]} Nxe4 {[%clk 00:09:30]} {[%emt 00:00:05]} 12.
Bxe4 {[%clk 00:08:44]} {[%emt 00:00:02]} Nf6 {[%clk 00:09:32]} {[%emt
00:00:04]} 13. Bf3 {[%clk 00:08:38]} {[%emt 00:00:11]} a5 {[%clk 00:08:19]}
{[%emt 00:01:19]} 14. Bd2 {[%clk 00:07:06]} {[%emt 00:01:36]} a4 {[%clk
00:08:22]} {[%emt 00:00:01]} 15. Qe3 {[%clk 00:07:04]} {[%emt 00:00:07]} Be7
{[%clk 00:07:43]} {[%emt 00:00:44]} 16. Rc1 {[%clk 00:06:12]} {[%emt 00:00:57]}
O-O {[%clk 00:07:40]} {[%emt 00:00:09]} 17. O-O {[%clk 00:06:02]} {[%emt
00:00:15]} Rfe8 {[%clk 00:07:20]} {[%emt 00:00:25]} 18. d5 {[%clk 00:04:37]}
{[%emt 00:01:29]} exd5 {[%clk 00:06:28]} {[%emt 00:00:58]} 19. cxd5 {[%clk
00:04:19]} {[%emt 00:00:22]} c5 {[%clk 00:06:33]} 20. Qd3 {[%clk 00:04:04]}
{[%emt 00:00:20]} Qd7 {[%clk 00:06:18]} {[%emt 00:00:20]} 21. Be3 {[%clk
00:03:51]} {[%emt 00:00:18]} Rac8 {[%clk 00:06:16]} {[%emt 00:00:07]} 22. Rfd1
{[%clk 00:03:09]} {[%emt 00:00:46]} Bd6 {[%clk 00:06:15]} {[%emt 00:00:07]} 23.
Kg2 {[%clk 00:02:46]} {[%emt 00:00:28]} b5 {[%clk 00:06:19]} {[%emt 00:00:01]}
24. b3 {[%clk 00:02:34]} {[%emt 00:00:17]} axb3 {[%clk 00:06:17]} {[%emt
00:00:08]} 25. axb3 {[%clk 00:02:37]} Qb7 {[%clk 00:06:03]} {[%emt 00:00:19]}
26. h4 {[%clk 00:02:33]} {[%emt 00:00:08]} Nd7 {[%clk 00:06:02]} {[%emt
00:00:07]} 27. Be2 {[%clk 00:02:28]} {[%emt 00:00:10]} Rb8 {[%clk 00:05:57]}
{[%emt 00:00:09]} 28. f4 {[%clk 00:02:12]} {[%emt 00:00:21]} Nf6 {[%clk
00:05:54]} {[%emt 00:00:09]} 29. Bf3 {[%clk 00:02:15]} {[%emt 00:00:02]} Rbc8
{[%clk 00:05:50]} {[%emt 00:00:09]} 30. Rd2 {[%clk 00:01:51]} {[%emt 00:00:29]}
c4 {[%clk 00:05:44]} {[%emt 00:00:11]} 31. bxc4 {[%clk 00:01:52]} {[%emt
00:00:04]} bxc4 {[%clk 00:05:48]} {[%emt 00:00:01]} 32. Qe2 {[%clk 00:01:20]}
{[%emt 00:00:37]} Bc5 {[%clk 00:05:18]} {[%emt 00:00:36]} 33. Rc3 {[%clk
00:01:23]} Qa7 {[%clk 00:05:01]} {[%emt 00:00:22]} 34. Ra2 {[%clk 00:01:18]}
{[%emt 00:00:10]} Qb6 {[%clk 00:04:46]} {[%emt 00:00:21]} 35. Rb2 {[%clk
00:01:07]} {[%emt 00:00:15]} Qa7 {[%clk 00:04:44]} {[%emt 00:00:07]} 36. Ra2
{[%clk 00:01:11]} {[%emt 00:00:01]} Qb6 {[%clk 00:04:06]} {[%emt 00:00:43]} 37.
Rb2 {[%clk 00:01:14]} {[%emt 00:00:02]} Qa5 {[%clk 00:03:34]} {[%emt 00:00:37]}
38. Rbc2 {[%clk 00:01:09]} {[%emt 00:00:10]} Bxe3 {[%clk 00:03:11]} {[%emt
00:00:28]} 39. Rxe3 {[%clk 00:01:12]} {[%emt 00:00:03]} Rxe3 {[%clk 00:03:14]}
{[%emt 00:00:01]} 40. Qxe3 {[%clk 00:01:14]} {[%emt 00:00:02]} Nxd5 {[%clk
00:03:15]} {[%emt 00:00:05]} 41. Qe5 {[%clk 00:00:53]} {[%emt 00:00:26]} Qa4
{[%clk 00:03:04]} {[%emt 00:00:16]} 42. Re2 {[%clk 00:00:48]} {[%emt 00:00:09]}
Nb4 {[%clk 00:02:43]} {[%emt 00:00:27]} 43. f5 {[%clk 00:00:34]} {[%emt
00:00:20]} Nd3 {[%clk 00:02:26]} {[%emt 00:00:22]} 44. Qd5 {[%clk 00:00:36]}
{[%emt 00:00:02]} gxf5 {[%clk 00:02:23]} {[%emt 00:00:09]} 45. Qxf5 {[%clk
00:00:32]} {[%emt 00:00:09]} Re8 {[%clk 00:02:18]} {[%emt 00:00:10]} 46. Rxe8+
{[%clk 00:00:11]} {[%emt 00:00:26]} Qxe8 {[%clk 00:02:21]} {[%emt 00:00:01]} 47.
Qd5 {[%clk 00:00:12]} {[%emt 00:00:04]} Ne5 {[%clk 00:02:08]} {[%emt 00:00:18]}
48. Be4 {[%clk 00:00:15]} {[%emt 00:00:03]} g6 {[%clk 00:02:00]} {[%emt
00:00:13]} 49. Qd4 {[%clk 00:00:10]} {[%emt 00:00:09]} Qe7 {[%clk 00:01:33]}
{[%emt 00:00:32]} 50. Bd5 {[%clk 00:00:09]} {[%emt 00:00:06]} Ng4 {[%clk
00:01:38]} 51. Qxg4 {[%clk 00:00:11]} {[%emt 00:00:03]} c3 {[%clk 00:01:37]}
{[%emt 00:00:06]} 52. Qc8+ {[%clk 00:00:15]} {[%emt 00:00:01]} Kh7 {[%clk
00:01:38]} {[%emt 00:00:04]} 53. Qxc3 {[%clk 00:00:18]} {[%emt 00:00:02]} Qe2+
{[%clk 00:01:39]} {[%emt 00:00:04]} 54. Kh3 {[%clk 00:00:18]} {[%emt 00:00:04]}
Qf1+ {[%clk 00:01:42]} {[%emt 00:00:03]} 55. Kh2 {[%clk 00:00:22]} {[%emt
00:00:01]} Qf2+ {[%clk 00:01:42]} {[%emt 00:00:05]} 56. Bg2 {[%clk 00:00:25]}
{[%emt 00:00:01]} Qf5 {[%clk 00:01:43]} {[%emt 00:00:05]} 57. Qd4 {[%clk
00:00:28]} {[%emt 00:00:03]} g5 {[%clk 00:01:32]} {[%emt 00:00:14]} 58. Be4
{[%clk 00:00:31]} {[%emt 00:00:03]} 1-0

[Event "World Youth & Cadets Rapid Championships"]
[Site "Rhodes, Greece"]
[Date "2022.05.02"]
[Round "6.33"]
[White "Omonova, Umida"]
[Black "Aydin, Gulenay"]
[Result "1-0"]
[TimeControl "10'/game & 5\"/move"]
[WhiteElo "1856"]
[BlackElo "2143"]

1. e4 {[%clk 00:10:09]} c6 {[%clk 00:10:09]} {[%emt 00:00:02]} 2. d4 {[%clk
00:10:13]} d5 {[%clk 00:10:13]} {[%emt 00:00:01]} 3. Nd2 {[%clk 00:10:18]} dxe4
{[%clk 00:10:15]} {[%emt 00:00:02]} 4. Nxe4 {[%clk 00:10:21]} {[%emt 00:00:01]}
Bf5 {[%clk 00:10:19]} {[%emt 00:00:02]} 5. Ng3 {[%clk 00:10:26]} Bg6 {[%clk
00:10:23]} 6. Nf3 {[%clk 00:10:30]} Nd7 {[%clk 00:10:27]} {[%emt 00:00:01]} 7.
Bd3 {[%clk 00:10:34]} {[%emt 00:00:01]} e6 {[%clk 00:10:08]} {[%emt 00:00:25]}
8. O-O {[%clk 00:10:37]} {[%emt 00:00:01]} Ngf6 {[%clk 00:09:31]} {[%emt
00:00:42]} 9. Re1 {[%clk 00:10:41]} {[%emt 00:00:02]} Be7 {[%clk 00:09:21]}
{[%emt 00:00:14]} 10. c4 {[%clk 00:10:28]} {[%emt 00:00:19]} O-O {[%clk
00:09:05]} {[%emt 00:00:21]} 11. b3 {[%emt 00:01:14]} Bxd3 {[%emt 00:00:15]} 12.
Qxd3 {[%emt 00:00:28]} c5 {[%clk 00:06:32]} {[%emt 00:01:00]} 13. Bb2 {[%clk
00:09:43]} {[%emt 00:00:45]} cxd4 {[%clk 00:06:34]} {[%emt 00:00:03]} 14. Nxd4
{[%emt 00:00:27]} Re8 {[%clk 00:04:49]} {[%emt 00:01:26]} 15. Rad1 {[%emt
00:00:17]} Bf8 {[%clk 00:04:42]} {[%emt 00:00:05]} 16. Nb5 {[%clk 00:09:31]}
{[%emt 00:00:14]} Qb6 {[%clk 00:03:56]} {[%emt 00:00:51]} 17. Bd4 {[%clk
00:08:18]} {[%emt 00:01:19]} Bc5 {[%clk 00:03:32]} {[%emt 00:00:28]} 18. Qc3
{[%clk 00:08:22]} a6 {[%clk 00:03:06]} {[%emt 00:00:32]} 19. Bxc5 {[%clk
00:08:20]} {[%emt 00:00:07]} Nxc5 {[%clk 00:00:39]} {[%emt 00:00:13]} 20. Rd6
{[%clk 00:08:23]} Nfe4 {[%clk 00:00:39]} 21. Nxe4 {[%clk 00:08:23]} {[%emt
00:02:31]} Nxe4 {[%clk 00:00:47]} 22. Rxb6 Nxc3 23. Nxc3 {[%clk 00:08:30]} Rad8
{[%clk 00:00:41]} {[%emt 00:00:11]} 24. Rd1 {[%clk 00:08:35]} Rxd1+ {[%clk
00:00:45]} {[%emt 00:00:01]} 25. Nxd1 {[%clk 00:08:39]} Rd8 {[%clk 00:00:49]}
{[%emt 00:00:01]} 26. Ne3 {[%emt 00:00:06]} Rd2 {[%clk 00:00:45]} {[%emt
00:00:03]} 27. Rxb7 {[%clk 00:08:47]} {[%emt 00:00:01]} g6 {[%clk 00:00:50]} 28.
g3 {[%clk 00:08:51]} {[%emt 00:00:01]} Rxa2 {[%clk 00:00:53]} {[%emt 00:00:01]}
29. c5 {[%clk 00:08:55]} {[%emt 00:00:01]} Ra1+ {[%clk 00:00:55]} {[%emt
00:00:04]} 30. Kg2 {[%clk 00:08:59]} Rc1 {[%clk 00:00:58]} {[%emt 00:00:01]} 31.
b4 {[%clk 00:09:04]} a5 {[%clk 00:01:02]} {[%emt 00:00:01]} 32. bxa5 {[%clk
00:09:06]} {[%emt 00:00:02]} Rxc5 {[%clk 00:01:06]} 33. a6 {[%clk 00:09:11]}
{[%emt 00:00:01]} Ra5 {[%clk 00:01:10]} 34. a7 {[%clk 00:09:15]} Kg7 {[%emt
00:00:02]} 35. Nc4 {[%clk 00:09:20]} 1-0

[Event "World Youth & Cadets Rapid Championships"]
[Site "Rhodes, Greece"]
[Date "2022.05.02"]
[Round "6.34"]
[White "Berezovsky, Fiorina"]
[Black "Siekanska, Maria"]
[Result "1/2-1/2"]
[TimeControl "10'/game & 5\"/move"]
[WhiteElo "1435"]
[BlackElo "1865"]

1. d4 {[%clk 00:10:08]} {[%emt 00:00:02]} Nf6 {[%clk 00:10:07]} {[%emt
00:00:03]} 2. c4 {[%clk 00:10:09]} {[%emt 00:00:03]} e6 {[%clk 00:10:11]}
{[%emt 00:00:02]} 3. Nf3 {[%clk 00:10:09]} {[%emt 00:00:05]} d5 {[%clk
00:10:14]} {[%emt 00:00:03]} 4. Nc3 {[%clk 00:10:06]} {[%emt 00:00:08]} Bb4
{[%clk 00:10:13]} {[%emt 00:00:05]} 5. Qa4+ {[%clk 00:09:58]} {[%emt 00:00:13]}
Nc6 {[%clk 00:10:11]} {[%emt 00:00:06]} 6. e3 {[%clk 00:09:55]} {[%emt
00:00:08]} O-O {[%clk 00:09:33]} {[%emt 00:00:43]} 7. Qc2 {[%clk 00:09:33]}
{[%emt 00:00:28]} b6 {[%clk 00:08:42]} {[%emt 00:00:56]} 8. Bd3 {[%clk
00:09:02]} {[%emt 00:00:35]} dxc4 {[%clk 00:08:25]} {[%emt 00:00:23]} 9. Bxc4
{[%clk 00:08:54]} {[%emt 00:00:13]} Bb7 {[%clk 00:08:24]} {[%emt 00:00:05]} 10.
a3 {[%clk 00:08:45]} {[%emt 00:00:14]} Be7 {[%clk 00:07:51]} {[%emt 00:00:39]}
11. O-O {[%clk 00:08:28]} {[%emt 00:00:22]} Re8 {[%clk 00:06:23]} {[%emt
00:01:33]} 12. Rd1 {[%clk 00:08:11]} {[%emt 00:00:22]} Qd7 {[%clk 00:05:28]}
{[%emt 00:01:00]} 13. b4 {[%clk 00:07:39]} {[%emt 00:00:37]} Nd5 {[%clk
00:04:42]} {[%emt 00:00:51]} 14. Bd3 {[%clk 00:06:37]} {[%emt 00:01:07]} g6
{[%clk 00:04:40]} {[%emt 00:00:07]} 15. Bb2 {[%clk 00:06:29]} {[%emt 00:00:13]}
Rad8 {[%clk 00:04:27]} {[%emt 00:00:18]} 16. Rac1 {[%clk 00:05:42]} {[%emt
00:00:52]} Nxc3 {[%clk 00:04:20]} {[%emt 00:00:12]} 17. Qxc3 {[%clk 00:05:24]}
{[%emt 00:00:22]} Bf6 {[%clk 00:03:48]} {[%emt 00:00:38]} 18. Bb5 {[%clk
00:05:09]} {[%emt 00:00:20]} Nxd4 {[%clk 00:03:07]} {[%emt 00:00:46]} 19. Bxd7
{[%clk 00:04:13]} {[%emt 00:01:01]} Nxf3+ {[%clk 00:02:30]} {[%emt 00:00:42]}
20. gxf3 {[%clk 00:04:09]} {[%emt 00:00:09]} Bxc3 {[%clk 00:02:32]} {[%emt
00:00:03]} 21. Bxc3 {[%clk 00:03:42]} {[%emt 00:00:31]} Bxf3 {[%clk 00:02:20]}
{[%emt 00:00:17]} 22. Bxe8 {[%clk 00:03:11]} {[%emt 00:00:36]} Bxd1 {[%clk
00:02:18]} {[%emt 00:00:07]} 23. Bc6 {[%clk 00:03:05]} {[%emt 00:00:11]} Be2
{[%clk 00:01:38]} {[%emt 00:00:45]} 24. Kg2 {[%clk 00:03:01]} {[%emt 00:00:09]}
Kf8 {[%clk 00:01:35]} {[%emt 00:00:09]} 25. Bf3 {[%clk 00:03:02]} {[%emt
00:00:03]} Bd3 {[%clk 00:01:22]} {[%emt 00:00:19]} 26. Be5 {[%clk 00:02:55]}
{[%emt 00:00:12]} c5 {[%clk 00:01:03]} {[%emt 00:00:25]} 27. bxc5 {[%clk
00:02:52]} {[%emt 00:00:07]} bxc5 {[%clk 00:01:06]} {[%emt 00:00:02]} 28. Rxc5
{[%clk 00:02:52]} {[%emt 00:00:05]} Ke7 {[%clk 00:00:58]} {[%emt 00:00:13]} 29.
Rc7+ {[%clk 00:02:50]} {[%emt 00:00:07]} Rd7 {[%clk 00:01:02]} {[%emt
00:00:02]} 30. Rxd7+ {[%clk 00:02:42]} {[%emt 00:00:13]} Kxd7 {[%clk 00:01:06]}
{[%emt 00:00:01]} 31. Bd1 {[%clk 00:02:37]} {[%emt 00:00:09]} a6 {[%clk
00:01:04]} {[%emt 00:00:06]} 32. Kg3 {[%clk 00:02:37]} {[%emt 00:00:05]} Ke7
{[%clk 00:01:06]} {[%emt 00:00:04]} 33. Kf4 {[%clk 00:02:40]} {[%emt 00:00:02]}
f6 {[%clk 00:01:09]} {[%emt 00:00:03]} 34. Bc3 {[%clk 00:02:36]} {[%emt
00:00:07]} e5+ {[%clk 00:01:12]} {[%emt 00:00:03]} 35. Kg3 {[%clk 00:02:35]}
{[%emt 00:00:05]} Ke6 {[%clk 00:01:13]} {[%emt 00:00:05]} 36. Bb3+ {[%clk
00:02:29]} {[%emt 00:00:11]} Kf5 {[%clk 00:01:16]} {[%emt 00:00:02]} 37. Bd5
{[%clk 00:02:15]} {[%emt 00:00:19]} h5 {[%clk 00:01:10]} {[%emt 00:00:11]} 38.
f3 {[%clk 00:02:05]} {[%emt 00:00:16]} Kg5 {[%clk 00:00:50]} {[%emt 00:00:24]}
39. f4+ {[%clk 00:01:49]} {[%emt 00:00:21]} exf4+ {[%clk 00:00:54]} {[%emt
00:00:01]} 40. exf4+ {[%clk 00:01:53]} Kf5 {[%clk 00:00:54]} {[%emt 00:00:06]}
41. h4 {[%clk 00:01:53]} {[%emt 00:00:05]} g5 {[%clk 00:00:46]} {[%emt
00:00:12]} 42. fxg5 {[%clk 00:01:43]} {[%emt 00:00:14]} fxg5 {[%clk 00:00:50]}
{[%emt 00:00:01]} 43. hxg5 {[%clk 00:01:47]} {[%emt 00:00:02]} Kxg5 {[%clk
00:00:54]} {[%emt 00:00:01]} 44. Bd2+ {[%clk 00:01:39]} {[%emt 00:00:13]} Kf5
{[%clk 00:00:55]} {[%emt 00:00:04]} 45. Kh4 {[%clk 00:01:38]} {[%emt 00:00:05]}
Be2 {[%clk 00:00:59]} {[%emt 00:00:01]} 46. Bb7 {[%clk 00:01:28]} {[%emt
00:00:16]} Ke6 {[%clk 00:01:00]} {[%emt 00:00:04]} 47. Bc6 {[%clk 00:01:23]}
{[%emt 00:00:09]} Kd6 {[%clk 00:01:03]} {[%emt 00:00:03]} 48. Be8 {[%clk
00:01:26]} {[%emt 00:00:02]} Kc7 {[%clk 00:01:07]} {[%emt 00:00:01]} 49. Bxh5
{[%clk 00:01:27]} {[%emt 00:00:05]} Bxh5 {[%clk 00:01:10]} {[%emt 00:00:01]} 50.
Kxh5 {[%clk 00:01:30]} {[%emt 00:00:02]} Kb7 {[%clk 00:01:14]} {[%emt
00:00:01]} 51. Kg5 {[%clk 00:01:32]} {[%emt 00:00:02]} Ka7 {[%clk 00:01:18]}
{[%emt 00:00:02]} 52. Kf5 {[%clk 00:01:36]} Kb7 {[%clk 00:01:22]} 53. Ke5
{[%clk 00:01:40]} {[%emt 00:00:01]} Ka7 {[%clk 00:01:26]} {[%emt 00:00:01]} 54.
Kd5 {[%clk 00:01:43]} Kb7 {[%clk 00:01:31]} {[%emt 00:00:01]} 55. Kc5 {[%clk
00:01:47]} {[%emt 00:00:02]} Ka7 {[%clk 00:01:35]} 56. a4 {[%clk 00:01:49]}
{[%emt 00:00:02]} Kb7 {[%clk 00:01:39]} {[%emt 00:00:01]} 57. Kb4 {[%clk
00:01:52]} {[%emt 00:00:02]} Ka7 {[%clk 00:01:43]} {[%emt 00:00:02]} 58. Ka5
{[%clk 00:01:55]} Kb7 {[%clk 00:01:47]} 59. Be3 {[%clk 00:01:59]} {[%emt
00:00:02]} Kb8 {[%clk 00:01:48]} {[%emt 00:00:03]} 60. Kxa6 {[%clk 00:02:02]}
{[%emt 00:00:02]} Ka8 {[%clk 00:01:52]} {[%emt 00:00:01]} 61. Kb6 {[%clk
00:02:00]} {[%emt 00:00:07]} Kb8 {[%clk 00:01:56]} 62. a5 {[%clk 00:01:55]}
{[%emt 00:00:10]} Ka8 {[%clk 00:02:00]} {[%emt 00:00:01]} 63. a6 {[%clk
00:01:46]} {[%emt 00:00:14]} Kb8 {[%clk 00:02:05]} {[%emt 00:00:01]} 64. a7+
{[%clk 00:01:35]} {[%emt 00:00:16]} Ka8 {[%clk 00:02:09]} 65. Ka5 {[%clk
00:01:31]} {[%emt 00:00:08]} Kb7 {[%clk 00:02:13]} 66. Kb5 {[%clk 00:01:32]}
{[%emt 00:00:05]} Ka8 {[%clk 00:02:16]} 1/2-1/2

[Event "World Youth & Cadets Rapid Championships"]
[Site "Rhodes, Greece"]
[Date "2022.05.02"]
[Round "6.35"]
[White "Kryvenko, Daryna"]
[Black "Starosta, Martyna"]
[Result "0-1"]
[TimeControl "10'/game & 5\"/move"]
[WhiteElo "1458"]
[BlackElo "1889"]

1. e4 {[%clk 00:10:07]} {[%emt 00:00:01]} e6 {[%clk 00:10:05]} {[%emt
00:00:06]} 2. d4 {[%clk 00:10:10]} {[%emt 00:00:02]} d5 {[%clk 00:10:09]}
{[%emt 00:00:01]} 3. exd5 {[%clk 00:10:13]} {[%emt 00:00:02]} exd5 {[%clk
00:10:13]} {[%emt 00:00:01]} 4. Bd3 {[%clk 00:10:15]} {[%emt 00:00:03]} c5
{[%clk 00:10:17]} {[%emt 00:00:01]} 5. dxc5 {[%clk 00:09:43]} {[%emt 00:00:37]}
Bxc5 {[%clk 00:10:00]} {[%emt 00:00:22]} 6. h3 {[%clk 00:09:27]} {[%emt
00:00:21]} Nf6 {[%clk 00:09:40]} {[%emt 00:00:25]} 7. Nf3 {[%clk 00:09:13]}
{[%emt 00:00:19]} O-O {[%clk 00:09:17]} {[%emt 00:00:28]} 8. O-O {[%clk
00:08:40]} {[%emt 00:00:38]} Nc6 {[%clk 00:08:49]} {[%emt 00:00:34]} 9. c3
{[%clk 00:07:51]} {[%emt 00:00:53]} Qb6 {[%clk 00:08:25]} {[%emt 00:00:29]} 10.
Qc2 {[%clk 00:07:07]} {[%emt 00:00:49]} h6 {[%clk 00:07:57]} {[%emt 00:00:33]}
11. Bf4 {[%clk 00:06:45]} {[%emt 00:00:27]} Re8 {[%clk 00:07:21]} {[%emt
00:00:41]} 12. Nbd2 {[%clk 00:06:38]} {[%emt 00:00:12]} Bd7 {[%clk 00:05:24]}
{[%emt 00:02:02]} 13. Rfe1 {[%clk 00:05:57]} {[%emt 00:00:46]} Bxf2+ {[%clk
00:05:24]} {[%emt 00:00:05]} 14. Kf1 {[%clk 00:05:56]} {[%emt 00:00:06]} Bxe1
{[%clk 00:05:25]} {[%emt 00:00:03]} 15. Rxe1 {[%clk 00:05:51]} {[%emt
00:00:11]} Rxe1+ {[%clk 00:05:08]} {[%emt 00:00:22]} 16. Nxe1 {[%clk 00:05:50]}
{[%emt 00:00:06]} Re8 {[%clk 00:04:32]} {[%emt 00:00:41]} 17. Nef3 {[%clk
00:05:11]} {[%emt 00:00:44]} Nh5 {[%clk 00:04:01]} {[%emt 00:00:35]} 18. Bh2
{[%clk 00:04:55]} {[%emt 00:00:21]} Qe3 {[%clk 00:03:37]} {[%emt 00:00:30]} 19.
Nb3 {[%clk 00:02:36]} {[%emt 00:02:24]} Bxh3 {[%clk 00:03:23]} {[%emt
00:00:19]} 20. Be2 {[%clk 00:01:49]} {[%emt 00:00:52]} Bg4 {[%clk 00:03:14]}
{[%emt 00:00:14]} 21. Qd1 {[%clk 00:01:23]} {[%emt 00:00:31]} Nf6 {[%clk
00:02:35]} {[%emt 00:00:44]} 22. Bg1 {[%clk 00:01:08]} {[%emt 00:00:20]} Qf4
{[%clk 00:02:18]} {[%emt 00:00:23]} 23. Bf2 {[%clk 00:00:43]} {[%emt 00:00:29]}
Bxf3 {[%clk 00:01:42]} {[%emt 00:00:41]} 24. Bxf3 {[%clk 00:00:36]} {[%emt
00:00:12]} Ne4 {[%clk 00:01:28]} {[%emt 00:00:19]} 25. Qd3 {[%clk 00:00:16]}
{[%emt 00:00:25]} Ne5 {[%clk 00:01:09]} {[%emt 00:00:24]} 26. Qxd5 {[%clk
00:00:11]} {[%emt 00:00:10]} Nxf2 {[%clk 00:01:11]} {[%emt 00:00:02]} 27. Kxf2
{[%clk 00:00:13]} {[%emt 00:00:03]} Ng4+ {[%clk 00:01:15]} {[%emt 00:00:02]} 28.
Kg1 {[%clk 00:00:10]} {[%emt 00:00:08]} Qh2+ {[%clk 00:01:17]} {[%emt
00:00:03]} 29. Kf1 {[%clk 00:00:13]} {[%emt 00:00:02]} Qh1# {[%clk 00:01:21]}
{[%emt 00:00:01]} 0-1

[Event "World Youth & Cadets Rapid Championships"]
[Site "Rhodes, Greece"]
[Date "2022.05.02"]
[Round "6.36"]
[White "Mihelic, Vesna"]
[Black "Blokhin, Sofia"]
[Result "0-1"]
[TimeControl "10'/game & 5\"/move"]
[WhiteElo "1924"]
[BlackElo "1903"]

1. e4 {[%clk 00:10:08]} c5 {[%clk 00:10:09]} {[%emt 00:00:02]} 2. Nf3 {[%clk
00:10:11]} {[%emt 00:00:01]} e6 {[%clk 00:10:12]} {[%emt 00:00:02]} 3. c4
{[%clk 00:10:15]} {[%emt 00:00:02]} Nc6 {[%clk 00:10:13]} {[%emt 00:00:05]} 4.
Nc3 {[%clk 00:10:17]} {[%emt 00:00:02]} e5 {[%clk 00:10:16]} {[%emt 00:00:02]}
5. Be2 {[%clk 00:10:20]} {[%emt 00:00:02]} Be7 {[%clk 00:10:17]} {[%emt
00:00:04]} 6. d3 {[%clk 00:10:23]} {[%emt 00:00:02]} Nf6 {[%clk 00:10:18]}
{[%emt 00:00:04]} 7. O-O {[%clk 00:10:25]} {[%emt 00:00:03]} O-O {[%clk
00:10:19]} {[%emt 00:00:03]} 8. a3 {[%clk 00:10:15]} {[%emt 00:00:16]} d6
{[%clk 00:10:17]} {[%emt 00:00:07]} 9. Rb1 {[%clk 00:10:12]} {[%emt 00:00:08]}
b6 {[%clk 00:10:02]} {[%emt 00:00:20]} 10. b4 {[%clk 00:10:11]} {[%emt
00:00:06]} Nd4 {[%clk 00:09:12]} {[%emt 00:00:55]} 11. Bg5 {[%clk 00:09:42]}
{[%emt 00:00:34]} h6 {[%clk 00:08:01]} {[%emt 00:01:16]} 12. Bxf6 {[%clk
00:09:40]} {[%emt 00:00:07]} Bxf6 {[%clk 00:08:00]} {[%emt 00:00:06]} 13. Nd5
{[%clk 00:09:41]} {[%emt 00:00:04]} Bb7 {[%clk 00:05:31]} {[%emt 00:02:34]} 14.
Nxd4 {[%clk 00:09:39]} {[%emt 00:00:07]} exd4 {[%clk 00:05:28]} {[%emt
00:00:08]} 15. f4 {[%clk 00:09:00]} {[%emt 00:00:44]} Bxd5 {[%clk 00:05:28]}
{[%emt 00:00:05]} 16. cxd5 {[%clk 00:08:24]} {[%emt 00:00:40]} Rb8 {[%clk
00:04:33]} {[%emt 00:01:01]} 17. Qa4 {[%clk 00:08:00]} {[%emt 00:00:28]} Qc7
{[%clk 00:03:48]} {[%emt 00:00:50]} 18. Rb2 {[%clk 00:06:22]} {[%emt 00:01:44]}
c4 {[%clk 00:03:25]} {[%emt 00:00:29]} 19. Rbb1 {[%clk 00:05:12]} {[%emt
00:01:14]} c3 {[%clk 00:03:15]} {[%emt 00:00:14]} 20. Qc2 {[%clk 00:04:41]}
{[%emt 00:00:36]} b5 {[%clk 00:03:09]} {[%emt 00:00:12]} 21. Rf3 {[%clk
00:04:26]} {[%emt 00:00:20]} a5 {[%clk 00:02:43]} {[%emt 00:00:30]} 22. Bd1
{[%clk 00:04:02]} {[%emt 00:00:29]} axb4 {[%clk 00:02:33]} {[%emt 00:00:16]} 23.
axb4 {[%clk 00:04:02]} {[%emt 00:00:04]} Ra8 {[%clk 00:02:26]} {[%emt
00:00:13]} 24. g4 {[%clk 00:03:34]} {[%emt 00:00:32]} Qa7 {[%clk 00:01:26]}
{[%emt 00:01:06]} 25. Qg2 {[%clk 00:02:49]} {[%emt 00:00:50]} g5 {[%clk
00:00:43]} {[%emt 00:00:48]} 26. h4 {[%clk 00:01:52]} {[%emt 00:01:02]} gxh4
{[%clk 00:00:25]} {[%emt 00:00:23]} 27. g5 {[%clk 00:01:49]} {[%emt 00:00:08]}
hxg5 {[%clk 00:00:28]} {[%emt 00:00:01]} 28. fxg5 {[%clk 00:01:48]} {[%emt
00:00:07]} Be5 {[%clk 00:00:26]} {[%emt 00:00:07]} 29. Bc2 {[%clk 00:00:53]}
{[%emt 00:00:59]} Kg7 {[%clk 00:00:26]} {[%emt 00:00:06]} 30. Rbf1 {[%clk
00:00:52]} {[%emt 00:00:06]} Qe7 {[%clk 00:00:17]} {[%emt 00:00:14]} 31. Qg4
{[%clk 00:00:41]} {[%emt 00:00:16]} Bg3 {[%clk 00:00:15]} {[%emt 00:00:07]} 32.
Rf6 {[%clk 00:00:42]} {[%emt 00:00:04]} Ra2 {[%clk 00:00:16]} {[%emt 00:00:04]}
33. Bb3 {[%clk 00:00:11]} {[%emt 00:00:36]} Ra3 {[%clk 00:00:19]} {[%emt
00:00:02]} 34. Bc2 {[%clk 00:00:14]} {[%emt 00:00:02]} Ra7 {[%clk 00:00:18]}
{[%emt 00:00:06]} 35. Qf5 {[%clk 00:00:13]} {[%emt 00:00:05]} Qd7 {[%clk
00:00:11]} {[%emt 00:00:13]} 36. Qf3 {[%clk 00:00:08]} {[%emt 00:00:10]} Qh3
{[%clk 00:00:12]} {[%emt 00:00:04]} 37. Rh6 {[%clk 00:00:06]} {[%emt 00:00:08]}
Qh2# {[%clk 00:00:15]} {[%emt 00:00:02]} 0-1